| 000 | 00728nas a2200241 4500 | ||
|---|---|---|---|
| 001 | BR6600270 | ||
| 003 | BR-BrBNA | ||
| 005 | 20240408151328.0 | ||
| 007 | ta | ||
| 008 | 230509b bl.|||p| |||| 00| 00por d | ||
| 040 |
_aBR-BrBNA _bpor _cBiblioteca Nacional de Agricultura |
||
| 041 | _a(Pt) | ||
| 072 | _aL74; L73 | ||
| 100 | 1 | _aSantos, J.A. dos | |
| 245 | 1 | _aAflatoxina e cancer hepatico [mamifero domestico] | |
| 650 | _aMAMIFERO DOMESTICO | ||
| 650 | _aFIGADO | ||
| 650 | _aCANCER | ||
| 650 | _aAFLATOXINA | ||
| 773 | 0 |
_tPesquisa Agropecuaria Brasileira (Brazil) _xISSN 0100-204X _g(1966), v. 1 p. 75-86 _wBR6600270 |
|
| 856 | _uhttps://seer.sct.embrapa.br/index.php/pab/article/view/17998/12063 | ||
| 942 |
_2AGRIS _n0 _cANA |
||
| 999 |
_c90127 _d90127 |
||